000 02101 a2200241 4500
003 UA-OsUOA
005 20220503101913.0
008 200915b un ||||| |||| 00| 0 ukr d
020 _a9786176420873
040 _aUA-OsUOA
_bukr
_cUA-OsUOA
_dUA-OsUOA
041 _aukr
080 _a908(477.81)(091)
090 _a908(477.81)(091)
_bФ33
100 _aФедоришин М.
245 _aПересопниця літописна XII–XIV ст
_cМикола Федоришин
260 _bКоло
_c2013
_aДрогобич
300 _a24 с.
_eіл.
520 _aУ книзі на основі писемних літописних джерел простежуються та аналізуються історичні події пов'язані із давньоруським містом Пересопниця протягом ХІІ та XIV століть. Висвітлено історичні постаті тогочасних князів - володарів пересопницького удільного князівства. Крім того, книга ілюстрована світлинами І та ІІ Археологічного Grand-фестивалю "Русь Пересопницька", який проходить щорічно у травні-червні у музейному комплексі КЗ "Культурно-археологічний центр "Пересопниця". Ця публікація є частиною розділу "Історичне підгрунтя культурної спадщини Пересопниці" монографії автора "Історія і культура Пересопниці". Видання буде корисним для всіх, хто цікавиться історією України або є фахівцем у цій галузі.
650 _2UDC
_a908 Краєзнавство
942 _cBK
_2udc
955 _a1
999 _c463310
_d463310